logo

Bir Sreshtho Munshi Abdur Rouf Library
Jhenaidah Cadet College

A portrait of the artist as a young man : notes ... / (Record no. 10448)

MARC details
000 -LEADER
fixed length control field 00692nam a22002417a 4500
001 - CONTROL NUMBER
JCCL Control Number 10448
003 - CONTROL NUMBER IDENTIFIER
JCCL marc code BD-JhCC
005 - DATE AND TIME OF LATEST TRANSACTION
control field 20180428102135.0
008 - FIXED-LENGTH DATA ELEMENTS--GENERAL INFORMATION
fixed length control field 180428b1964 as ||||| |||| 00| 0 eng d
020 ## - INTERNATIONAL STANDARD BOOK NUMBER
International Standard Book Number 0822010577
035 ## - SYSTEM CONTROL NUMBER
system control number (BD-JhCC)10448
040 ## - CATALOGING SOURCE
Original cataloging agency BD-JhCC
Modifying agency BD-JhCC
041 ## - LANGUAGE CODE
Language code of Book eng
082 ## - DEWEY DECIMAL CLASSIFICATION NUMBER
Classification number 823.912
Author mark and Year LIL 1964
100 ## - MAIN ENTRY--PERSONAL NAME
Personal name Lilly Gibbs, Katherine
245 ## - TITLE STATEMENT
Title A portrait of the artist as a young man : notes ... /
Statement of responsibility, etc Gibbs, Katherine Lilly
260 ## - PUBLICATION, DISTRIBUTION, ETC. (IMPRINT)
Place of publication, distribution, etc Lincoln :
Name of publisher, distributor, etc Neb. : Cliff's Notes,
Date of publication, distribution, etc 1964.
300 ## - PHYSICAL DESCRIPTION
Pagination 50 p. :
Dimensions 22 cm.
650 ## - SUBJECT ADDED ENTRY--TOPICAL TERM
Topical term or geographic name as entry element Portrait of the artist as a young man (Joyce, James)
650 ## - SUBJECT ADDED ENTRY--TOPICAL TERM
Topical term or geographic name as entry element Joyce, James
942 ## - ADDED ENTRY ELEMENTS (KOHA)
Source of classification or shelving scheme Dewey Decimal Classification
Koha item type Reference
Holdings
Source of classification or shelving scheme Damaged status Not for loan Home library Current library Shelving location Date of accession Total Checkouts Full call number Barcode Date last seen Copy number Koha item type
Dewey Decimal Classification     JCC Rouf Library JCC Rouf Library General Stacks 04/28/2018   823.912 LIL 1964 13905 04/28/2018 C-1 Reference
Dewey Decimal Classification     JCC Rouf Library JCC Rouf Library General Stacks 04/28/2018   823.912 LIL 1964 13904 04/28/2018 C-2 Reference
Dewey Decimal Classification     JCC Rouf Library JCC Rouf Library General Stacks 04/28/2018   823.912 LIL 1964 13903 04/28/2018 C-3 Reference
Dewey Decimal Classification     JCC Rouf Library JCC Rouf Library General Stacks 04/28/2018   823.912 LIL 1964 13940 04/28/2018 C-4 Reference
Dewey Decimal Classification     JCC Rouf Library JCC Rouf Library General Stacks 04/28/2018   823.912 LIL 1964 13939 04/28/2018 C-5 Reference
Dewey Decimal Classification     JCC Rouf Library JCC Rouf Library General Stacks 04/28/2018   823.912 LIL 1964 13938 04/28/2018 C-6 Reference

JCC Library | Contacts | JCC Home

Last Update on 23 September 2017
Copyright @ 2017-2020 JCC Rouf Library
Rouf Library, Jhenidah Cadet College (JCC), Bangladesh